Internationale Beispiele /

Gespeichert in:
Bibliographische Detailangaben
1. Verfasser: Henn, Walter (Verfasst von)
Format: Buch
Sprache:Deutsch
Veröffentlicht: München : Verlag Georg D.W.Callwey, 1962
Tags: Tag hinzufügen
Keine Tags, Fügen Sie das erste Tag hinzu!

MARC

LEADER 00000nam a22000003a 4500
001 stu36788
005 20150617225726.6
008 920618s1962----gw------------------ger-d
040 |a STU  |b slo 
041 0 |a ger 
044 |a gw 
100 1 |a Henn, Walter  |4 aut 
245 1 |a Internationale Beispiele /  |c [aut.]Walter Henn 
260 |a München :  |b Verlag Georg D.W.Callwey,  |c 1962 
300 |a 372 s 
996 |b 284M012680  |c M*5478/3-1  |l MMKN  |s A  |a 24  |w stu36788_0001